| 000 | 00000nam 2200000za 4500 |
| 001 | 9.837872 |
| 003 | CaOODSP |
| 005 | 20221107151238 |
| 007 | cr ||||||||||| |
| 008 | 170607s1985 onc |o f|0| 0 fre d |
| 040 | |aCaOODSP|bfre |
| 043 | |an-cn--- |
| 086 | 1 |aCS11-614/85-21F-PDF |
| 100 | 1 |aLaniel, Normand. |
| 245 | 10|aComparaison des méthodes de saisonnalisation MS X et X-11-ARMMI |h[ressource électronique] / |cpar Normand Laniel. |
| 260 | |a[Ottawa] : |bStatistique Canada, |c[1985]. |
| 300 | |a12, [12] p. : |bfigures. |
| 490 | 1 |aCahier de travail (Statistique Canada. Direction de la méthodologie) ; |v85-21 |
| 500 | |aÉdition numérisée de l'imprimé [par Statistique Canada]. |
| 500 | |a« Cahier de travail RASC-85-021F. » |
| 504 | |aComprend des références bibliographiques. |
| 692 | 07|2gccst|aMéthodologie |
| 692 | 07|2gccst|aAnalyse statistique |
| 710 | 1 |aCanada. |bStatistique Canada. |bDirection de la méthodologie. |
| 830 | #0|aCahier de travail (Statistique Canada. Direction de la méthodologie)|v85-21|w(CaOODSP)9.834767 |
| 856 | 40|qPDF|s2.57 Mo|uhttps://publications.gc.ca/collections/collection_2017/statcan/11-613/CS11-614-85-21-fra.pdf |
| 986 | |a11-614F |